مكتبة جامعة عجلون الوطنية

فهرس بحث المكتبة

المسؤولية الجزائية المترتبة عن التقارير الطبية المخالفة للواقع في القانون الاردني ( دراسة مقارنة) = Criminal responsibility after contrary to reality medical reports in the jordanian (A comparative study) (Record no. 29967)

MARC details
000 -LEADER
fixed length control field 01332nam a2200241Ii 4500
003 - CONTROL NUMBER IDENTIFIER
control field JO-AjNU
005 - DATE AND TIME OF LATEST TRANSACTION
control field 20240629135045.0
008 - FIXED-LENGTH DATA ELEMENTS--GENERAL INFORMATION
fixed length control field 230605s9999||||xx |||||||||||||| ||und||
040 ## - CATALOGING SOURCE
Original cataloging agency JO-AjNU
Language of cataloging ara
Description conventions rda
Transcribing agency JO-AjNU
041 ## - LANGUAGE CODE
Language code of text/sound track or separate title ara
050 14 - LIBRARY OF CONGRESS CALL NUMBER
Classification number K5462 2018
100 ## - MAIN ENTRY--PERSONAL NAME
Personal name الزعبي، صدام عبد الله علي
Relator term معد
9 (RLIN) 65825
245 00 - TITLE STATEMENT
Title المسؤولية الجزائية المترتبة عن التقارير الطبية المخالفة للواقع في القانون الاردني ( دراسة مقارنة) = Criminal responsibility after contrary to reality medical reports in the jordanian (A comparative study)
Statement of responsibility, etc. / اعداد صدام عبد الله علي الزعبي ؛ اشراف زيد ابراهيم الغرايبة
264 31 - PRODUCTION, PUBLICATION, DISTRIBUTION, MANUFACTURE, AND COPYRIGHT NOTICE
Place of production, publication, distribution, manufacture 2018
300 ## - PHYSICAL DESCRIPTION
Extent 115 ورقة
336 ## - CONTENT TYPE
Content type term text
Content type code txt
Source rdacontent
337 ## - MEDIA TYPE
Media type term unmediated
Media type code n
Source rdamedia
338 ## - CARRIER TYPE
Carrier type term volume
Carrier type code nc
Source rdacarrier
500 ## - GENERAL NOTE
General note رساله جامعيه (ماجستير في القانون) - جامعة عجلون الوطنيه (عجلون ، الاردن) ، كلية القانون تخصص القانون، 2018
650 #4 - SUBJECT ADDED ENTRY--TOPICAL TERM
Topical term or geographic name entry element التقارير الطبية - المسؤولية الجزائية - القانون - الاردن
9 (RLIN) 58748
700 ## - ADDED ENTRY--PERSONAL NAME
Personal name زيد ابراهيم الغرايبة
Relator term مشرف
9 (RLIN) 65761
942 ## - ADDED ENTRY ELEMENTS (KOHA)
Source of classification or shelving scheme Library of Congress Classification
Koha item type Thesis
Holdings
Withdrawn status Lost status Source of classification or shelving scheme Damaged status Not for loan Home library Current library Shelving location Date acquired Total Checkouts Full call number Barcode Date last seen Price effective from Koha item type
    Library of Congress Classification     مكتبة جامعة عجلون الوطنية مكتبة جامعة عجلون الوطنية المراجع 29/06/2024   K5462 2018 A26399 06/06/2023 06/06/2023 Thesis
    Library of Congress Classification     مكتبة جامعة عجلون الوطنية مكتبة جامعة عجلون الوطنية   29/06/2024   K5462 2018 a26400 29/06/2024 29/06/2024 Thesis